Diccionario de la lengua española

Збережено в:
Бібліографічні деталі
Формат: Книга
Мова:Іспанська
Опубліковано: Santiago Portada 1980
Серія:El Bolsón Escolar
Предмети:
Теги: Додати тег
Немає тегів, Будьте першим, хто поставить тег для цього запису!

MARC

LEADER 00000nam a2200000 a 4500
001 UCH7316
003 CL-VaPUC
008 091109e19800000CL |||||||||||||||||spa|d
082 0 4 |a 463  |b DIC  |2 21 
245 1 0 |a Diccionario de la lengua española 
300 |a v 
942 |c BK 
945 |d 20091109 00:00:00  |a lazolas 
260 |a Santiago  |b Portada  |c 1980 
650 0 |a Diccionarios  |9 256200 
650 0 |a Español  |9 255372 
650 0 |a Glosarios  |9 261047 
583 |a last modification  |c 20091109 00:00:00  |k Rodrigo Vera 
490 0 |a El Bolsón Escolar 
999 |c 337970  |d 337968